LDR 00743naa#a2200169#i#450# 001 EN\\bibl\122172 005 20260501182904.5 011 ## _a2074-1626 100 ## _a20260416b2026####ek#y0engy0150####ca 102 ## _aRU 200 1# _aLEGAL RESTRICTIONS ESTABLISHED BY THE LEGISLATION IN RESPECT OF MILITARY PERSONNEL OF THE NATIONAL GUARD OF THE RUSSIAN FEDERATION _eJournal article 210 1# _aSaint-Petersburg _cSaint-Petersburg University of State Fire Service of Emercom of Russia _d2026 215 ## _a11 с. 608 ## _aJournal article _2local 675 ## _aПраво в целом. Пропедевтика. Методы и вспомогательные правовые науки. 340 _z 700 #1 _aAvramov _gStepan Olegovich 856 4# _ajournals.igps.ru _u